| 000 | 01139nam a2200373 a 4500 | ||
|---|---|---|---|
| 001 | vtls000068374 | ||
| 003 | NLI | ||
| 005 | 20210601192629.0 | ||
| 008 | 101125s1969 pauad s 001 0 eng | ||
| 020 | _cUSD 8.75 | ||
| 039 | 9 |
_y201011250707 _zVLOAD |
|
| 040 |
_aNLI _beng _cVTLS _eAACR2 |
||
| 041 | 0 | _aeng | |
| 044 | _apau | ||
| 082 | 0 | 4 | _a510.243 |
| 100 | 1 |
_aGelbaum, Bernard R. _9159675 |
|
| 245 | 1 | 0 |
_aMathematics for the social and behavioral sciences : _bprobability, calculus and statistics / _cBernard R. Gelbaum and James G. March |
| 260 |
_aPhiladelphia : _bW. B. Saunders, _c1969 |
||
| 300 |
_axii, 337 p. : _bill., charts ; _c24 cm. |
||
| 500 | _aIncludes index | ||
| 504 | _aBibliography: p. 333-334 | ||
| 650 | 0 |
_aMathematics _91025 |
|
| 650 | 0 |
_aSocial sciences _xMethodology _971746 |
|
| 650 | 0 |
_aCalculus _92413 |
|
| 650 | 0 |
_aStatistics _9186 |
|
| 700 | 1 |
_aMarch, James G., _4jt. aut _964822 |
|
| 887 | _a sunita | ||
| 901 |
_a395080 _b10.03.1970 |
||
| 902 | _aE510.243 G28 | ||
| 905 | _asunita | ||
| 906 | _a0005781 | ||
| 949 |
_AVIRTUAITEM _D10000 _X100 _6PUR000395080ENG |
||
| 942 |
_2ddc _cBKS |
||
| 999 |
_aVIRTUA00 _c72002 _d72002 |
||